[Event "Qatar Masters Open 2024"]
[Site "Doha QAT"]
[Date "2024.12.03"]
[Round "1.49"]
[White "Bagwe, Gaurang"]
[Black "Swayams, Mishra"]
[Result "0-1"]
[WhiteTitle "FM"]
[BlackTitle "GM"]
[WhiteElo "2302"]
[BlackElo "2456"]
[WhiteFideId "45039895"]
[BlackFideId "5028183"]
[EventDate "2024.12.03"]

1. e4 e5 2. Nf3 Nc6 3. Bb5 a6 4. Ba4 Nf6 5. O-O Be7 6. Re1 b5 7. Bb3 d6 8. c3
O-O 9. h3 Na5 10. Bc2 c5 11. d4 Nd7 12. Nbd2 exd4 13. cxd4 Nc6 14. dxc5 Nxc5 15.
a3 Bf6 16. Rb1 Bb7 17. b4 Ne6 18. Bb3 Rc8 19. Nf1 Ncd4 20. Bd5 Bxd5 21. exd5
Nxf3+ 22. Qxf3 Nd4 23. Qg4 Nc2 24. Re4 Re8 25. Ng3 Rc4 26. Bd2 Rexe4 27. Nxe4
Qe7 28. f3 g6 29. Kh1 Be5 30. Bg5 f6 31. Bh4 Kf7 32. Rd1 h5 33. Qe6+ Qxe6 34.
dxe6+ Kxe6 35. Bf2 Nxa3 36. g3 Rxb4 37. Kg2 g5 38. Re1 Kf7 39. h4 Rb2 40. hxg5
f5 41. g6+ Kg7 42. Nc5 Rxf2+ 43. Kxf2 Bd4+ 44. Kg2 Bxc5 45. g4 hxg4 46. fxg4 Nc2
47. Re6 fxg4 48. Kg3 Nd4 49. Re8 a5 50. Kxg4 Kxg6 51. Kf4 b4 52. Ke4 b3 53. Rg8+
Kf7 54. Rg2 a4 55. Kd5 a3 56. Rf2+ Ke7 57. Rf1 a2 58. Re1+ Kd7 59. Rh1 Nf5 60.
Ra1 Ne3+ 0-1

[Event "Qatar Masters Open 2024"]
[Site "Doha QAT"]
[Date "2024.12.03"]
[Round "1.50"]
[White "Garifullina, Leya"]
[Black "Munkhzul, Turmunkh"]
[Result "1/2-1/2"]
[WhiteTitle "IM"]
[BlackTitle "WGM"]
[WhiteElo "2451"]
[BlackElo "2301"]
[WhiteFideId "34127035"]
[BlackFideId "4901878"]
[EventDate "2024.12.03"]

1. e4 e5 2. Nf3 Nf6 3. d4 Nxe4 4. Bd3 d5 5. Nxe5 Nd7 6. Nc3 Nxe5 7. dxe5 Nxc3 8.
bxc3 Bc5 9. O-O O-O 10. Re1 Be6 11. Rb1 Rb8 12. Qh5 g6 13. Qh6 Re8 14. Bg5 Be7
15. h4 Bxg5 16. hxg5 c5 17. Qh4 Qe7 18. Be2 Red8 19. f4 d4 20. c4 b5 21. cxb5 c4
22. Qf2 Qa3 23. Bf1 Qc3 24. Red1 Bf5 25. Rd2 Rd5 26. a4 Rbd8 27. a5 d3 28. cxd3
Bxd3 29. Bxd3 Rxd3 30. Rc2 Qxa5 31. Rxc4 Rd2 32. Qf3 Qb6+ 33. Kh2 Qe6 34. Rbc1
R8d3 35. f5 Qxe5+ 36. Qf4 Qxf5 37. Qxf5 gxf5 38. Ra1 Rb3 39. Rxa7 Rxb5 40. Rc8+
Kg7 41. Rcc7 Rbb2 42. Rxf7+ Kg6 43. Kh3 Kxg5 44. Rxh7 Rd6 45. Rag7+ Rg6 46.
Rxg6+ Kxg6 47. Ra7 Rb3+ 48. Kh4 Rb4+ 49. Kg3 Rb3+ 50. Kh4 Rb4+ 51. Kg3 Rb3+ 52.
Kh4 1/2-1/2

[Event "Qatar Masters Open 2024"]
[Site "Doha QAT"]
[Date "2024.12.03"]
[Round "1.51"]
[White "Jeet, Jain"]
[Black "Zou, Chen"]
[Result "1/2-1/2"]
[WhiteTitle "FM"]
[BlackTitle "IM"]
[WhiteElo "2301"]
[BlackElo "2449"]
[WhiteFideId "5073022"]
[BlackFideId "8610959"]
[EventDate "2024.12.03"]

1. e4 c5 2. c3 d5 3. exd5 Qxd5 4. d4 Nf6 5. Nf3 e6 6. Na3 a6 7. Nc4 Nbd7 8. Be2
Be7 9. O-O cxd4 10. Nxd4 O-O 11. b3 Re8 12. Be3 Qe4 13. f3 Qg6 14. f4 Nd5 15. f5
exf5 16. Bh5 Nxe3 17. Nxe3 Qb6 18. Nd5 Qd8 19. Nxe7+ Qxe7 20. Nxf5 Qc5+ 21. Qd4
Qxd4+ 22. Nxd4 Ne5 23. Nf3 Bg4 24. Bxg4 Nxg4 25. Rfe1 f6 26. Rxe8+ Rxe8 27. h3
Ne3 28. Re1 Kf7 29. Kf2 Nd5 30. Rxe8 Kxe8 31. c4 Nb4 32. a3 Nc2 33. Ke2 Nxa3 34.
Kd3 Kd7 35. Kc3 b5 36. Nd4 Nb1+ 37. Kc2 Na3+ 38. Kc3 Nb1+ 39. Kc2 Na3+ 1/2-1/2

[Event "Qatar Masters Open 2024"]
[Site "Doha QAT"]
[Date "2024.12.03"]
[Round "1.52"]
[White "Aaditya, Dhingra"]
[Black "Ajay Santhosh Parvathareddy"]
[Result "1/2-1/2"]
[WhiteTitle "IM"]
[BlackTitle "FM"]
[WhiteElo "2448"]
[BlackElo "2299"]
[WhiteFideId "25678191"]
[BlackFideId "25998676"]
[EventDate "2024.12.03"]

1. Nf3 d5 2. c4 e6 3. g3 Nf6 4. Bg2 dxc4 5. Qa4+ Nbd7 6. Qxc4 a6 7. Qc2 Rb8 8.
d4 b5 9. Ne5 Nxe5 10. dxe5 Nd7 11. Bc6 Bb7 12. O-O Bxc6 13. Qxc6 Rb6 14. Qe4 Nc5
15. Qf3 Nd7 16. Rd1 Qc8 17. Bf4 Be7 18. Qg4 g5 19. Be3 h5 20. Qe4 c5 21. b4 Qc7
22. Nd2 Nxe5 23. bxc5 Rb8 24. Nf3 Nxf3+ 25. Qxf3 Rc8 26. c6 Qxc6 27. Rac1 Qa8
28. Rc7 f5 29. Rdd7 Bd8 30. Rb7 Rc3 31. h4 Qc8 32. hxg5 Bc7 33. Rdxc7 Rxc7 34.
Rxc7 Qxc7 35. Qa8+ Qd8 36. Qxa6 Qd7 37. Qa8+ Qd8 38. Qc6+ Qd7 39. Qc3 O-O 40. f3
Qd6 41. Bf4 Qd1+ 42. Kf2 Qh1 43. Qe5 Qh2+ 44. Kf1 Qh1+ 45. Kf2 Qh2+ 46. Kf1 Qh1+
47. Kf2 1/2-1/2

[Event "Qatar Masters Open 2024"]
[Site "Doha QAT"]
[Date "2024.12.03"]
[Round "1.54"]
[White "Shyaam Nikhil P"]
[Black "Vivaan Vishal Shah"]
[Result "1/2-1/2"]
[WhiteTitle "GM"]
[BlackTitle "CM"]
[WhiteElo "2445"]
[BlackElo "2296"]
[WhiteFideId "5024218"]
[BlackFideId "25184237"]
[EventDate "2024.12.03"]

1. Nf3 Nf6 2. c4 g6 3. Nc3 Bg7 4. g3 O-O 5. Bg2 d6 6. d4 c5 7. dxc5 dxc5 8. Qxd8
Rxd8 9. Be3 Na6 10. h3 Ne8 11. Rc1 Nd6 12. b3 Bd7 13. O-O Bc6 14. g4 Ne4 15. Nb5
Nb4 16. a3 Nd5 17. cxd5 Bxb5 18. Ne5 Nd6 19. f4 b6 20. Rc2 f6 21. Nc6 Re8 22. f5
gxf5 23. gxf5 Ba6 24. b4 c4 25. Bc1 Bc8 26. e4 Bd7 27. a4 a6 28. Bf4 Bxc6 29.
dxc6 b5 30. Rd1 Rac8 31. axb5 axb5 32. Ra2 Nf7 33. Ra6 Ne5 34. Bxe5 fxe5 35. Rd5
e6 36. Rxb5 Bh6 37. Kf2 Red8 38. Ra2 Rxc6 39. Rc5 Rxc5 40. bxc5 Rc8 41. fxe6 Bf8 1/2-1/2

[Event "Qatar Masters Open 2024"]
[Site "Doha QAT"]
[Date "2024.12.03"]
[Round "1.55"]
[White "Kunal, M."]
[Black "Pham Tran Gia Phuc"]
[Result "1-0"]
[WhiteTitle "FM"]
[BlackTitle "IM"]
[WhiteElo "2292"]
[BlackElo "2445"]
[WhiteFideId "5018250"]
[BlackFideId "12415669"]
[EventDate "2024.12.03"]

1. e4 c5 2. Nf3 d6 3. Bb5+ Nd7 4. a4 Nf6 5. Nc3 g6 6. a5 a6 7. Bc4 Bg7 8. Bxf7+
Kxf7 9. Ng5+ Kg8 10. Ne6 Qe8 11. Nc7 Qf7 12. Nxa8 b5 13. axb6 Bb7 14. Qe2 Nh5
15. Nc7 Nf4 16. Qf1 Nxb6 17. d3 e5 18. g3 Qxc7 19. gxf4 d5 20. Qh3 Qf7 21. f5 d4
22. Na4 Nxa4 23. Rxa4 gxf5 24. Bh6 Qg6 25. Bxg7 Kxg7 26. Kf1 Kf7 27. Rg1 Qf6 28.
Qh5+ Ke6 29. Qxf5+ Qxf5 30. exf5+ Kf6 31. f3 Rc8 32. Kf2 Rc7 33. b3 Kxf5 34. c4
dxc3 35. Rc4 Ke6 36. Ke3 Rf7 37. Rf1 Kd6 38. Rxc3 Bd5 39. f4 exf4+ 40. Rxf4 Re7+
41. Kd2 Rg7 42. Ra4 Rg2+ 43. Ke3 Rxh2 44. Ra5 Rh3+ 45. Kd2 Rh2+ 46. Kc1 Rh1+ 47.
Kb2 Rh2+ 48. Ka3 Rd2 49. Rxa6+ Ke5 50. Ra4 Kd6 51. Rh4 Ke5 52. Rxc5 Rxd3 53. Rb5
Kd6 54. Rxh7 Kc6 55. Rb8 Rg3 56. Ka4 Rg2 57. Ka3 Rg3 58. Rh6+ Kc7 59. Rb5 Bf7
60. Rf6 Bg8 61. Rff5 Kd6 62. Rb6+ Kc7 63. Rb4 Be6 64. Rc5+ Kd6 65. Rc1 Bd5 66.
Rb6+ Kd7 67. Rd1 Kc7 68. Rb4 Kc6 69. Rc1+ Kd6 70. Rb6+ Kd7 71. Ka4 Rg2 72. b4
Ra2+ 73. Kb5 Bf3 74. Kc5 Rh2 75. Rd6+ Kc7 76. Rf6 Bh1 77. Rf7+ Kb8 78. b5 Rh5+
79. Kb6 Rh6+ 80. Rc6 Rh8 81. Rcf6 Rc8 82. Rf8 Bg2 83. Rxc8+ Kxc8 84. Ka7 1-0

[Event "Qatar Masters Open 2024"]
[Site "Doha QAT"]
[Date "2024.12.03"]
[Round "1.56"]
[White "Mamedov, Edgar"]
[Black "Nayak, Rajesh"]
[Result "1-0"]
[WhiteTitle "IM"]
[BlackTitle "CM"]
[WhiteElo "2441"]
[BlackElo "2292"]
[WhiteFideId "13739980"]
[BlackFideId "35017152"]
[EventDate "2024.12.03"]

1. d4 Nf6 2. c4 e6 3. Nf3 d5 4. Nc3 Bb4 5. cxd5 exd5 6. Bg5 h6 7. Bh4 g5 8. Bg3
Ne4 9. Nd2 Nxg3 10. hxg3 c6 11. e3 Bf5 12. Nb3 Nd7 13. Bd3 Bxd3 14. Qxd3 Qe7 15.
a3 Bd6 16. Na5 Nf6 17. Qf5 Rb8 18. Nxb7 Bc7 19. Nc5 Rxb2 20. O-O-O Rb8 21. Kc2
Bb6 22. e4 Bxc5 23. exd5 Kf8 24. Rhe1 Qd8 25. dxc5 cxd5 26. Qe5 Rg8 27. Nxd5
Nxd5 28. Rxd5 Qc8 29. Rh1 Rg6 30. Rb1 Rgb6 31. Rxb6 axb6 32. Qh8+ Ke7 33. Re5+
Kd7 34. Qf6 Qf8 35. c6+ 1-0

[Event "Qatar Masters Open 2024"]
[Site "Doha QAT"]
[Date "2024.12.03"]
[Round "1.57"]
[White "Bhagat Kush"]
[Black "Sahib, Singh"]
[Result "0-1"]
[WhiteTitle "FM"]
[BlackTitle "FM"]
[WhiteElo "2288"]
[BlackElo "2438"]
[WhiteFideId "46672940"]
[BlackFideId "25618342"]
[EventDate "2024.12.03"]

1. e4 c5 2. Nf3 d6 3. Bb5+ Nc6 4. O-O Bd7 5. Re1 Nf6 6. c3 a6 7. Bf1 Bg4 8. d4
Bxf3 9. gxf3 g6 10. d5 Nb8 11. f4 Bg7 12. Qb3 b5 13. a4 bxa4 14. Qb7 Nbd7 15. e5
dxe5 16. fxe5 Ng4 17. e6 Nde5 18. d6 exd6 19. Bg2 Rc8 20. h3 Rc7 21. Qxa6 O-O
22. hxg4 fxe6 23. Rxa4 Rcf7 24. Be3 Qh4 25. Re2 c4 26. Qxd6 Qxg4 27. Kf1 Rd7 28.
Qb6 Rd1+ 29. Re1 Rxe1+ 30. Kxe1 Nd3+ 31. Kd2 Rxf2+ 32. Bxf2 Bh6+ 33. Be3 Qxg2+
34. Kd1 Qf1+ 35. Kd2 Qf2+ 36. Kd1 Nxb2+ 37. Qxb2 Qxb2 38. Ra8+ Kf7 39. Ra7+ Kf6
40. Bxh6 Qxb1+ 41. Ke2 Qe4+ 42. Kf2 Qh4+ 0-1

[Event "Qatar Masters Open 2024"]
[Site "Doha QAT"]
[Date "2024.12.03"]
[Round "1.58"]
[White "Gan-Erdene, Sugar"]
[Black "Daakshin, Arun"]
[Result "1-0"]
[WhiteTitle "IM"]
[BlackTitle "FM"]
[WhiteElo "2437"]
[BlackElo "2286"]
[WhiteFideId "4902980"]
[BlackFideId "366195016"]
[EventDate "2024.12.03"]

1. e4 c5 2. Nf3 d6 3. d4 cxd4 4. Nxd4 Nf6 5. Nc3 a6 6. Nb3 e6 7. g4 b5 8. Bg2
Bb7 9. g5 Nfd7 10. f4 h6 11. f5 exf5 12. Qe2 Ne5 13. exf5 Bxg2 14. Qxg2 Nbd7 15.
Bf4 hxg5 16. Bxg5 f6 17. Bf4 Rh4 18. Nd5 Rc8 19. O-O-O Kf7 20. Kb1 Kg8 21. Nd4
Qe8 22. Bg3 Rh7 23. Nf4 Qf7 24. Nde6 Nc4 25. Bf2 d5 26. Qxd5 Bd6 27. Ng6 Nde5
28. Bc5 Bxc5 29. Qxc5 Re8 30. Nd8 Nd7 31. Qc7 1-0

[Event "Qatar Masters Open 2024"]
[Site "Doha QAT"]
[Date "2024.12.03"]
[Round "1.59"]
[White "Fandi, Mazen"]
[Black "Tahbaz, Arash"]
[Result "0-1"]
[BlackTitle "IM"]
[WhiteElo "2278"]
[BlackElo "2432"]
[WhiteFideId "7611625"]
[BlackFideId "12528846"]
[EventDate "2024.12.03"]

1. e4 g6 2. d4 Bg7 3. Nf3 d6 4. Nc3 Nf6 5. Bd3 O-O 6. O-O Nbd7 7. Qe2 e5 8. dxe5
dxe5 9. Bc4 c6 10. a4 h6 11. b4 Nh5 12. Rd1 Qf6 13. a5 Nf4 14. Qe3 b5 15. Bf1
Re8 16. g3 g5 17. gxf4 exf4 18. Qd4 Qe7 19. Qd2 Qxb4 20. Ra3 Qe7 21. Ne2 b4 22.
Rb3 Nc5 23. Rxb4 Bg4 24. Bg2 Nxe4 25. Rxe4 Qxe4 26. Nfd4 f3 27. Ng3 Qxd4 28.
Qxd4 Bxd4 29. Rxd4 fxg2 30. Rxg4 Re1+ 31. Kxg2 Rxc1 32. Rc4 Ra1 33. Rc5 Rb8 34.
c4 Re8 35. Kf3 Re6 36. Nf5 Ra3+ 37. Ne3 Kg7 38. Kg4 Kg6 39. h4 f5+ 40. Rxf5 Re4+
41. Kf3 Raxe3+ 42. fxe3 Kxf5 0-1

[Event "Qatar Masters Open 2024"]
[Site "Doha QAT"]
[Date "2024.12.03"]
[Round "1.60"]
[White "Uskov, Artem"]
[Black "Garv, Rai"]
[Result "1-0"]
[WhiteTitle "IM"]
[WhiteElo "2430"]
[BlackElo "2277"]
[WhiteFideId "34254854"]
[BlackFideId "35049593"]
[EventDate "2024.12.03"]

1. e4 e5 2. Nf3 Nc6 3. Bb5 Nf6 4. d3 Bc5 5. c3 d5 6. Nbd2 dxe4 7. dxe4 O-O 8.
O-O a5 9. Qc2 Qe7 10. a4 Nb8 11. h3 c6 12. Bd3 Nbd7 13. Rd1 Re8 14. Nc4 h6 15.
Bd2 Nh5 16. Qb1 Nf4 17. Bf1 Qf6 18. b4 axb4 19. cxb4 Bf8 20. Ra3 Rb8 21. Ne1 b5
22. axb5 Rxb5 23. Rf3 Qg6 24. Rg3 Qh5 25. Nf3 Nf6 26. Re1 Bd7 27. Qb2 Bxb4 28.
Bxb4 c5 29. Ncxe5 Rxb4 30. Nxd7 Rxb2 31. Nxf6+ Kf8 32. Nxh5 Nxh5 33. Rg4 Nf6 34.
Rf4 Rb4 35. Bd3 Rd8 36. Bc2 Ke7 37. Rf5 Rc4 38. Bb3 Rc3 39. e5 Nd5 40. Bxd5 Rxd5
41. Rf4 c4 42. Rg4 g6 43. e6 1-0

[Event "Qatar Masters Open 2024"]
[Site "Doha QAT"]
[Date "2024.12.03"]
[Round "1.61"]
[White "Vignesh Advaith Vemula"]
[Black "Mammadzada, Gunay"]
[Result "1/2-1/2"]
[BlackTitle "IM"]
[WhiteElo "2276"]
[BlackElo "2421"]
[WhiteFideId "25792059"]
[BlackFideId "13403729"]
[EventDate "2024.12.03"]

1. e4 e5 2. Nf3 Nc6 3. d4 exd4 4. Nxd4 Nf6 5. Nxc6 bxc6 6. e5 Qe7 7. Qe2 Nd5 8.
c4 Ba6 9. Nd2 g6 10. Nf3 Qb4+ 11. Kd1 Ne7 12. Bg5 Bg7 13. Qd2 Qxd2+ 14. Bxd2 c5
15. Bd3 Bb7 16. Re1 O-O 17. Be3 d6 18. exd6 cxd6 19. Bxc5 dxc5 20. Rxe7 Bc6 21.
Rb1 Rfe8 22. Rxe8+ Rxe8 23. Kc2 Bxf3 24. gxf3 Rb8 25. Be4 Be5 26. h3 Bd4 27. b4
cxb4 28. Rd1 Bxf2 29. Rd7 Re8 30. Kb3 Bc5 31. Ka4 a6 32. Rd5 Rc8 1/2-1/2

[Event "Qatar Masters Open 2024"]
[Site "Doha QAT"]
[Date "2024.12.03"]
[Round "1.62"]
[White "Harsh, Suresh"]
[Black "Binu, Devdutt"]
[Result "1-0"]
[WhiteTitle "IM"]
[BlackTitle "CM"]
[WhiteElo "2420"]
[BlackElo "2274"]
[WhiteFideId "45018464"]
[BlackFideId "366108941"]
[EventDate "2024.12.03"]

1. Nf3 Nf6 2. g3 g6 3. b3 Bg7 4. Bb2 b6 5. Bg2 Bb7 6. c4 c5 7. O-O O-O 8. d4
cxd4 9. Qxd4 Nc6 10. Qh4 d6 11. Rd1 Qc7 12. Nc3 Rad8 13. Nd5 Nxd5 14. Bxg7 Kxg7
15. cxd5 Ne5 16. Nd4 Rde8 17. Rac1 Qd8 18. Rc2 Nd7 19. Rdc1 Nf6 20. Qg5 Kg8 21.
Rc7 h6 22. Qxh6 Bxd5 23. Bxd5 Nxd5 24. Ne6 fxe6 25. Qxg6+ Kh8 26. Qh6+ Kg8 27.
Qxe6+ Kg7 28. Qxd5 Rf6 29. Qb7 Qa8 30. Rxe7+ 1-0

[Event "Qatar Masters Open 2024"]
[Site "Doha QAT"]
[Date "2024.12.03"]
[Round "1.63"]
[White "George Samir, David"]
[Black "Akhmetov, Ayan"]
[Result "0-1"]
[WhiteTitle "FM"]
[BlackTitle "IM"]
[WhiteElo "2272"]
[BlackElo "2417"]
[WhiteFideId "10657789"]
[BlackFideId "13703706"]
[EventDate "2024.12.03"]

1. d4 Nf6 2. Bg5 c5 3. d5 d6 4. Nc3 g6 5. e4 Bg7 6. f3 O-O 7. Qd2 a6 8. a4 Re8
9. Nge2 Nbd7 10. g4 Ne5 11. Bg2 Rb8 12. h4 b5 13. axb5 axb5 14. h5 b4 15. Nd1 b3
16. c3 e6 17. hxg6 fxg6 18. Bh6 Bxh6 19. Rxh6 exd5 20. exd5 Qe7 21. Kf1 Nfxg4
22. fxg4 Nc4 23. Qd3 Bxg4 24. Kg1 Bxe2 25. Qh3 Bxd1 26. Rxd1 Nxb2 27. Ra1 Nc4
28. Be4 b2 0-1

[Event "Qatar Masters Open 2024"]
[Site "Doha QAT"]
[Date "2024.12.03"]
[Round "1.64"]
[White "Begmuratov, Khumoyun"]
[Black "Jaiveer, Mahendru"]
[Result "1/2-1/2"]
[WhiteTitle "IM"]
[BlackTitle "FM"]
[WhiteElo "2416"]
[BlackElo "2271"]
[WhiteFideId "14210207"]
[BlackFideId "25611151"]
[EventDate "2024.12.03"]

1. e4 e5 2. Nf3 Nc6 3. Bc4 Bc5 4. d3 d6 5. Be3 Bxe3 6. fxe3 Be6 7. Bb3 Nf6 8.
Nc3 O-O 9. O-O Bxb3 10. axb3 d5 11. Qe2 a6 12. Rad1 d4 13. exd4 exd4 14. Nb1 Ng4
15. Rfe1 Qd7 16. h3 Ne3 17. Rc1 f5 18. c3 f4 19. Nbd2 Rad8 20. Nc4 b5 21. Nxe3
dxe3 22. d4 Rde8 23. Qc2 Kh8 24. Ra1 g5 25. Rxa6 g4 26. hxg4 Nb8 27. Rh6 Qxg4
28. e5 Re7 29. e6 Qg7 30. Rh5 Rxe6 31. Rxh7+ Qxh7 32. Qxh7+ Kxh7 33. Ng5+ Kg6
34. Nxe6 Rf6 35. Nxc7 Kf5 36. Nd5 Rd6 37. c4 bxc4 38. bxc4 Nc6 39. Rf1 Nxd4 40.
Nxe3+ Ke4 41. Nd5 f3 42. Re1+ Kd3 43. g4 Kxc4 44. Nf4 Rf6 45. Re4 Rb6 46. g5
Rxb2 47. g6 Rb1+ 48. Kf2 Rb2+ 49. Kg3 Rb1 50. Re5 Ra1 51. Rh5 Rg1+ 52. Kf2 Rg4
53. Rh1 Rxf4 54. g7 Rg4 55. Rg1 Rxg7 56. Rxg7 Kd3 1/2-1/2

[Event "Qatar Masters Open 2024"]
[Site "Doha QAT"]
[Date "2024.12.03"]
[Round "1.65"]
[White "Yakubbaeva, Nilufar"]
[Black "Klukin, Kirill"]
[Result "0-1"]
[WhiteTitle "WGM"]
[BlackTitle "IM"]
[WhiteElo "2241"]
[BlackElo "2413"]
[WhiteFideId "14204487"]
[BlackFideId "24199273"]
[EventDate "2024.12.03"]

1. d4 Nf6 2. c4 e6 3. Nf3 Bb4+ 4. Bd2 Qe7 5. a3 Bxd2+ 6. Qxd2 O-O 7. Nc3 d6 8.
e4 e5 9. d5 Nbd7 10. b4 a5 11. Rb1 axb4 12. axb4 Nb6 13. Be2 Bg4 14. Ng1 Bxe2
15. Qxe2 c6 16. Nf3 Ra3 17. Rc1 Rb3 18. dxc6 Rxb4 19. cxb7 Qxb7 20. Nd2 Rc8 21.
O-O Nxc4 22. Nd5 Nxd5 23. Rxc4 Rbxc4 24. Nxc4 Nc3 25. Qd3 Qxe4 26. Qxe4 Nxe4 27.
Ra1 g6 28. Ne3 Nf6 29. g4 Kg7 30. g5 Ne4 31. h4 h6 32. f3 Nd2 33. Kf2 hxg5 34.
hxg5 Nc4 35. Nd5 Rb8 36. Nf6 Nb6 37. Rb1 Nd7 38. Rxb8 Nxb8 39. Ne8+ Kf8 40. Nxd6
Ke7 41. Nc4 Ke6 42. Ke3 Nd7 43. f4 Kf5 44. Nd6+ Kg4 45. fxe5 Nxe5 46. Ne4 Kf5
47. Nd6+ Kxg5 48. Ke4 f6 49. Ne8 Nf7 50. Nc7 Kg4 51. Kd5 Kf5 52. Ne8 g5 53. Ng7+
Kg6 54. Ne8 g4 55. Ke4 Kg5 56. Ng7 Nd6+ 57. Kd5 g3 58. Ne6+ Kg4 59. Nd4 Nf5 60.
Ne2 Kf3 61. Ng1+ Kg2 62. Ne2 Kf2 63. Nf4 Ng7 0-1

[Event "Qatar Masters Open 2024"]
[Site "Doha QAT"]
[Date "2024.12.03"]
[Round "1.66"]
[White "Rakhmatullaev, Almas"]
[Black "Al Hosani, Omran"]
[Result "1/2-1/2"]
[WhiteTitle "IM"]
[BlackTitle "IM"]
[WhiteElo "2410"]
[BlackElo "2239"]
[WhiteFideId "14205793"]
[BlackFideId "9308733"]
[EventDate "2024.12.03"]

1. e4 c5 2. Nf3 e6 3. g3 Nc6 4. Bg2 Nf6 5. Qe2 e5 6. O-O Be7 7. c3 d6 8. Na3 O-O
9. Nc2 Re8 10. d3 Be6 11. Bg5 b5 12. a3 Rb8 13. Ne3 h6 14. Bxf6 Bxf6 15. Nd2 b4
16. axb4 cxb4 17. Ndc4 Qd7 18. Nd5 Bxd5 19. exd5 Ne7 20. Ra6 Nc8 21. Bf3 Nb6 22.
Ne3 bxc3 23. bxc3 Na4 24. Bg4 Nxc3 25. Qf3 Qd8 26. Rxa7 e4 27. dxe4 Nxe4 28. Rd7
Qb6 29. Bh5 Nd2 30. Bxf7+ Kh8 31. Qd1 Nxf1 32. Nxf1 Rf8 33. Kg2 Qb5 34. Be6 Qc5
35. Ne3 Rb2 36. Qf3 Rbb8 37. Nf5 Be5 38. Rf7 Rxf7 39. Bxf7 Qc3 40. Qxc3 Bxc3 41.
Nxd6 Bb4 42. Ne4 Rf8 43. Be6 g6 44. d6 Kg7 45. f4 Rd8 46. d7 Kf8 47. h4 Ke7 48.
Bh3 Ra8 49. f5 gxf5 50. Bxf5 Rf8 51. Bg4 Ba5 52. h5 Bb6 53. Bh3 Bd4 54. Bg4 Kd8
55. Nd6 Be5 56. Nc4 Bc7 57. Ne3 Bb8 58. Nd5 Bd6 59. Be6 Be7 60. g4 Rf6 61. Bf5
Rd6 62. Ne3 Rd4 63. Kf3 Bg5 64. Nc2 Rc4 65. Ne1 Rc3+ 66. Kg2 Bh4 67. Nf3 Rxf3 1/2-1/2

[Event "Qatar Masters Open 2024"]
[Site "Doha QAT"]
[Date "2024.12.03"]
[Round "1.67"]
[White "Khoder, Akram"]
[Black "Ahmad, Khagan"]
[Result "1/2-1/2"]
[WhiteTitle "FM"]
[BlackTitle "IM"]
[WhiteElo "2232"]
[BlackElo "2403"]
[WhiteFideId "5306914"]
[BlackFideId "13431552"]
[EventDate "2024.12.03"]

1. d4 Nf6 2. c4 g6 3. Nc3 Bg7 4. e4 d6 5. Be2 O-O 6. Be3 e5 7. d5 a5 8. g4 Na6
9. g5 Nd7 10. h4 Ndc5 11. Qd2 c6 12. h5 cxd5 13. cxd5 Bd7 14. h6 Bh8 15. f3 Qe8
16. O-O-O b5 17. Re1 b4 18. Nd1 Ba4 19. Bxa6 Nxa6 20. Kb1 Qd7 21. Ne2 Rfc8 22.
b3 Bb5 23. Nb2 a4 24. bxa4 Bxa4 25. Rc1 Rcb8 26. Nc4 Qd8 27. Qb2 Rb5 28. Nd4
exd4 29. Bxd4 Bc2+ 30. Kxc2 b3+ 31. axb3 Nb4+ 32. Kd1 Ra2 33. Qc3 Nxd5 34. exd5
Rxd5 35. Rh4 Rxg5 36. Qe3 Bxd4 37. Qxd4 Rd5 38. Qxd5 Qxh4 39. Nb2 Qh3 40. Rc2
Ra1+ 41. Kd2 Qxh6+ 42. Kd3 1/2-1/2

[Event "Qatar Masters Open 2024"]
[Site "Doha QAT"]
[Date "2024.12.03"]
[Round "1.68"]
[White "Socko, Monika"]
[Black "Luong Phuong Hanh"]
[Result "1-0"]
[WhiteTitle "GM"]
[BlackTitle "WIM"]
[WhiteElo "2402"]
[BlackElo "2225"]
[WhiteFideId "1106619"]
[BlackFideId "12401013"]
[EventDate "2024.12.03"]

1. e4 e6 2. d4 d5 3. Nd2 c5 4. exd5 exd5 5. Ngf3 Nf6 6. Bb5+ Bd7 7. Bxd7+ Nbxd7
8. O-O Be7 9. dxc5 Nxc5 10. Nb3 O-O 11. Nxc5 Bxc5 12. Bg5 Rc8 13. c3 Be7 14. Qb3
Ne4 15. Bxe7 Qxe7 16. Qxd5 Rcd8 17. Qf5 Nd2 18. Rfe1 Nxf3+ 19. Qxf3 Qc7 20. Rad1
Rxd1 21. Rxd1 h6 22. g3 Re8 23. Kg2 Re6 24. Rd2 g6 25. Qd5 Re7 26. c4 b6 27.
Qd8+ Kg7 28. Qxc7 Rxc7 29. b3 Kf6 30. Kf3 Ke6 31. Ke4 f5+ 32. Kd4 Kf6 33. b4 Re7
34. c5 Re4+ 35. Kc3 b5 36. Rd6+ Kg5 37. Rd4 Re1 38. Rd2 Re4 39. Kb3 Re7 40. c6
Rc7 41. Rd6 Kh5 42. Kc3 g5 43. Kd4 1-0

[Event "Qatar Masters Open 2024"]
[Site "Doha QAT"]
[Date "2024.12.03"]
[Round "1.69"]
[White "Sultan, Ibrahim"]
[Black "Nazari, Arad"]
[Result "0-1"]
[WhiteTitle "IM"]
[BlackTitle "IM"]
[WhiteElo "2205"]
[BlackElo "2401"]
[WhiteFideId "9301143"]
[BlackFideId "12577324"]
[EventDate "2024.12.03"]

1. d4 e6 2. c4 Nf6 3. Nf3 d5 4. e3 c6 5. Nbd2 Nbd7 6. Bd3 a6 7. b3 dxc4 8. bxc4
Bd6 9. O-O e5 10. Bb2 Qe7 11. Ne4 Nxe4 12. Bxe4 O-O 13. dxe5 Bc7 14. Bc2 Re8 15.
e6 fxe6 16. Qd3 g6 17. Qc3 e5 18. Nd2 Bd6 19. Ne4 Bb4 20. Qb3 a5 21. a3 Nc5 22.
Qa2 Bf5 23. axb4 Bxe4 24. Bxe4 Nxe4 25. bxa5 Qf7 26. f4 Nd2 27. fxe5 Nxf1 28.
Rxf1 Qd7 29. Qb3 Re6 30. c5 Rf8 31. Rf6 Re8 32. Bd4 Re7 33. h3 Qd5 34. Qb2 Rd7
35. Qf2 Rxf6 36. exf6 Kf7 37. Qf4 Qe6 38. Qh6 Kg8 39. Qf4 Qe8 40. Kh1 Qd8 41.
Qe4 Kf7 42. a6 bxa6 43. Qxc6 Ra7 44. Qe4 Rc7 45. Qb1 Qd7 46. Qb3+ Qe6 47. Qb8
Qc6 48. Qh8 Ke6 49. Qg8+ Rf7 50. Qb8 Rb7 51. Qg8+ Rf7 52. Bc3 a5 53. Qd8 a4 54.
Bd4 Kf5 55. Qb8 Ke6 56. e4 Rb7 57. Qg8+ Rf7 58. Qb8 Rb7 59. Qe5+ Kf7 60. Qd5+
Qxd5 61. exd5 Rb1+ 62. Kh2 Rc1 63. c6 a3 64. Be5 a2 65. d6 a1=Q 66. Bxa1 Rxc6
67. Be5 Rc5 68. Bb2 Rd5 69. Kg3 Rxd6 70. Kh2 Rd3 71. Kg1 Ke6 72. Kh2 g5 73. Kg1
h5 74. Kf1 Rd7 75. Ke2 Kf5 76. Ke3 Kg6 77. Bc3 Ra7 78. Bd4 Ra4 79. Be5 Ra5 80.
Bd4 Rf5 81. Ke4 Rf1 82. Ke3 Rf5 83. Ke4 Rf4+ 84. Ke3 Kf5 85. Kd3 Ke6 86. Bc3 Rf2
87. g4 Rf3+ 88. Kd2 h4 89. Bd4 Rxh3 90. Ke2 Rg3 0-1

[Event "Qatar Masters Open 2024"]
[Site "Doha QAT"]
[Date "2024.12.04"]
[Round "2.2"]
[White "Fawzy, Adham"]
[Black "Esipenko, Andrey"]
[Result "0-1"]
[WhiteTitle "GM"]
[BlackTitle "GM"]
[WhiteElo "2493"]
[BlackElo "2682"]
[WhiteFideId "10613129"]
[BlackFideId "24175439"]
[EventDate "2024.12.03"]

1. e4 e5 2. Nf3 Nc6 3. Bb5 a6 4. Bxc6 dxc6 5. O-O Qf6 6. d4 exd4 7. Bg5 Qd6 8.
Nxd4 Be7 9. Be3 Nh6 10. h3 Qg6 11. Kh1 Bd7 12. Nd2 O-O-O 13. f4 f5 14. e5 c5 15.
N4f3 Bc6 16. Qe2 Qe6 17. Rfd1 a5 18. a3 Nf7 19. b4 g5 20. bxc5 g4 21. hxg4 Nh6
22. Nb3 Nxg4 23. Nbd4 Qh6+ 24. Kg1 Bxc5 25. Nxf5 Bxe3+ 26. Nxe3 Qxf4 27. Nxg4
Qxg4 28. Rxd8+ Rxd8 29. Rf1 Qa4 30. Qe3 Qxc2 31. e6 Rg8 32. Rf2 Qb1+ 33. Kh2 Qg6
34. Ng5 Qh6+ 35. Qh3 Qxg5 36. Rf8+ Rxf8 37. e7+ Rf5 0-1